| 000 | 00453nam a22001457a 4500 | ||
|---|---|---|---|
| 005 | 20251104161501.0 | ||
| 008 | 251104b |||||||| |||| 00| 0 eng d | ||
| 020 | _a9788185749457 | ||
| 050 |
_aTA170 _b.E62 |
||
| 100 | _aDhameja, Suresh K. | ||
| 245 |
_aEnvironmental Engineering and Management _cSuresh K. Dhameja |
||
| 260 |
_aNew Delhi _bS. K. Kataria & Sons Publishers & Distributors _c2012 |
||
| 300 |
_axxiv. 496p. _bill. _c21.5cm |
||
| 942 |
_2lcc _cBK _n0 |
||
| 999 |
_c8024 _d8024 |
||